00962cam a2200253 a 450000100100000000500170001000800410002702000270006804000320009508200150012724500970014225000110023926000710025030000170032149000530033850000380039150400530042960000470048265100290052965000370055870000320059570000300062783000510065700000696120200929154031.0890719s1988 ck b f001 0bspa d a9586430324 (tapa dura) bBNPHUcspadBNPHUaDO-SdBNP axxxxbxxxx00aEscritos sobre Santander /ccompiladores Horacio Rodríguez Plata y Juan Camilo Rodíguez. a2a ed. aBogotá :bBiblioteca de la Presidencia de la República,c1988. av. ;c25 cm.1 aBiblioteca de la Presidencia de la República : aLa biblioteca sólo posee el v.1 aIncluye referencias bibliográficas e índice.10aSantander, Francisco de Paula,d1792-1840. 0aColombiazHistoryy1810- 0aPresidentszColombiaxBiography.1 aRodríguez Plata, Horacio.1 aRodríguez, Juan Camilo. 0aBiblioteca de la Presidencia de la República